Polscy medaliści na igrzyskach w Tokio 2020/21 - Statystyki

Ogólne statystyki
  • Ten quiz został rozwiązany 10 razy
  • Średni wynik to 8 z 14
Statystyki odpowiedzi
Dyscyplina Medalista Medal % Poprawnych
Lekkoatletyka Anita Włodarczyk Złoto
89%
Lekkoatletyka Karol Zalewski| Justyna Święty-Ersetic| Kajetan Duszyński| Iga Baumgart-Witan| Małgorzata Hołub-Kowalik| Dariusz Kowaluk| Natalia Kaczmarek Złoto
89%
Lekkoatletyka Iga Baumgart-Witan| Małgorzata Hołub-Kowalik| Justyna Święty-Ersetic| Anna Kiełbasińska| Natalia Kaczmarek Srebro
78%
Lekkoatletyka Patryk Dobek Brąz
78%
Zapasy Tadeusz Michalik Brąz
78%
Lekkoatletyka Paweł Fajdek Brąz
67%
Lekkoatletyka Wojciech Nowicki Złoto
67%
Kajakarstwo Anna Puławska| Justyna Iskrzycka| Helena Wiśniewska| Karolina Naja Brąz
56%
Kajakarstwo Anna Puławska| Karolina Naja Srebro
56%
Lekkoatletyka Dawid Tomala Złoto
44%
Lekkoatletyka Malwina Kopron Brąz
44%
Lekkoatletyka Maria Andrejczyk Srebro
44%
Wioślarstwo Agnieszka Kobus-Zawojska| Marta Wieliczko| Maria Sajdak| Katarzyna Zillmann Srebro
11%
Żeglarstwo Jolanta Ogar-Hill| Agnieszka Skrzypulec Srebro
0%
Nie znaleziono quizów pasujących do podanych kryteriów
Rozkład punktacji
Procent ludzi z każdym wynikiem
Percentyl według liczby udzielonych odpowiedzi
Twoja historia wyników
Nie rozwiązałeś tego quizu